MARC

LEADER 00000nam0a2200000 4500
001 34281
005 20231101210226.0
035 |a (RuTPU)RU\TPU\book\34667 
035 |a BOOK00001318 
090 |a 34281 
100 |a 20011210d1988 m y0rusy50 ca 
101 0 |a rus 
102 |a RU 
105 |a y j 001zy 
200 1 |a Практикум по минералогии. Силикаты  |e учебное пособие  |f А. И. Баженов, Т. И. Полуэктова 
210 |a Томск  |c Изд-во ТПИ  |d 1988 
215 |a 95 с. 
320 |a Библиогр.: с. 93. 
320 |a Указатель минералов: с. 93-94. 
451 1 |0 (RuTPU)RU\TPU\book\34668  |t Практикум по минералогии  |o учебное пособие  |f А. И. Баженов, Т. И. Полуэктова  |g Томский политехнический институт  |c Томск  |n Изд-во ТПИ  |d 1985  |p 57 с.  |a Баженов, Александр Иванович 
606 |a Минералогия  |2 stltpush  |3 (RuTPU)RU\TPU\subj\43907  |9 63333 
610 1 |a силикаты 
610 1 |a типы 
610 1 |a классификация 
610 1 |a тетраэдры 
610 1 |a учебные пособия 
610 1 |a практикумы 
675 |a 549(076.5)  |v 3 
700 1 |a Баженов  |b А. И.  |g Александр Иванович 
701 1 |a Полуэктова  |b Т. И.  |g Тамара Ивановна 
712 0 2 |a Томский политехнический институт (ТПИ)  |c (1944-1991)  |2 stltpush  |3 (RuTPU)RU\TPU\col\1123 
801 0 |a RU  |b 63413507  |c 20011210  |g PSBO 
801 2 |a RU  |b 63413507  |c 20200828  |g PSBO 
900 |a Минералогия 
900 |a Основы кристаллографии и минералогии 
942 |c BK